00376nam a2200121Ia 4500008004100000245011500041260001700156260000900173300000800182650002300190650001200213856002900225170516s9999 xx 000 0 und d 2aA Novel Inherently Radiopaque Bead for Transarterial Embolization to Treat Liver Cancer - A Pre-clinical Study bTheranostics c2016 a6:1 xMedical Technology xMedtech uhttp://www.thno.org/v6i1